The humanistic tradition / book 2

Đã lưu trong:
Bibliografiske detaljer
Hovedforfatter: Fiero, Gloria K.
Format: Bog
Sprog:English
Udgivet: Boston : McGraw Hill, c2006.
Udgivelse:5th ed.
Fag:
Tags: Tilføj Tag
Ingen Tags, Vær først til at tagge denne postø!
Thư viện lưu trữ: Mạng thư viện Đại học Đà Nẵng
LEADER 01419cam a22003131a 4500
001 000033496
003 9669
005 20240820164242.0
008 151016s2006 000 eng
020 |a 9780072910094 
082 0 0 |a 909  |b FI-G 
100 1 |a Fiero, Gloria K. 
245 1 4 |a The humanistic tradition /  |c Gloria K. Fiero.  |n book 2 
250 |a 5th ed. 
260 |a Boston :  |b McGraw Hill,  |c c2006. 
300 |a 6 v. :  |b ill. (some col.), col. maps ;  |c 29 cm. 
504 |a Includes bibliographical references and indexes. 
505 0 |a v. 1. Prehistory to the modern world -- v. 2. The early modern world to the present -- bk. 3. The European Renaissance, the Reformation and global encounter -- bk. 4. Faith, reason, and power in the early modern world -- bk. 5. Romanticism, realism, and the nineteenth-century world -- bk. 6. Modernism, globalism, and the information age. 
650 0 |a Civilization, Western  |x History  |v Textbooks. 
650 0 |a Humanism  |x History  |v Textbooks. 
OWN |a LNN 
AVA |a UDN50  |b LNN  |c English  |d 909FI-G  |e available  |t Error 5001 Not defined in file expand_doc_bib_avail.  |f 3  |g 0  |h N  |i 0  |j AN 
999 |a From the UDN01 
AVA |a UDN50  |b LNN  |c English  |d 909FI-G  |e available  |t Error 5001 Not defined in file expand_doc_bib_avail.  |f 3  |g 0  |h N  |i 0  |j AN 
TYP |a Monograph 
980 |a Mạng thư viện Đại học Đà Nẵng